| 000 | 00566nam a22001817a 4500 | ||
|---|---|---|---|
| 005 | 20231206064027.0 | ||
| 008 | 231206b |||||||| |||| 00| 0 eng d | ||
| 020 | _a0702145947 ; 0702145955 | ||
| 041 | _aEnglish | ||
| 082 | _a348 JUT | ||
| 100 | _lEnglish | ||
| 245 |
_aJuta's Statutes of South Africa / _cJUTA'S STATUTES EDITORS |
||
| 250 | _aSeventh Edition | ||
| 260 |
_aCape Town : _bJuta and Company Ltd, _c1998 |
||
| 300 |
_b97 pages ; _c26 cm. _e7 Set of Volumes |
||
| 650 |
_aLegal practice _bLaw |
||
| 942 |
_cBK _6ALISON_BN_VRIES |
||
| 999 |
_c1134 _d1134 |
||